000 00568nam a2200193 4500
001 117996
003 ES-MaACL
005 20230906191018.0
007 t|
008 070214s1971 sp r ||||1| spa d
100 1 _aParadela, Alvaro.
_988914
245 1 3 _aLa Galicia que duele /
_cAlvaro Paradela.
260 _a[S. l.] :
_b[s. n.],
_c1971 (
_eEl Ferrol :
_fImp. Covadonga)
300 _a89 p. ;
_c21 cm.
490 1 _aCuadernos de Amaro Orzán
830 0 _aCuadernos de Amaro Orzán
_9186410
852 _aES-MaACL
_jC-41952
_bR.77944
999 _c117996
_d117996